<?xml version="1.0" encoding="UTF-8"?>
<record
    xmlns:xsi="http://www.w3.org/2001/XMLSchema-instance"
    xsi:schemaLocation="http://www.loc.gov/MARC21/slim http://www.loc.gov/standards/marcxml/schema/MARC21slim.xsd"
    xmlns="http://www.loc.gov/MARC21/slim">

  <leader>01226cam a22002771  4500</leader>
  <controlfield tag="001">84215</controlfield>
  <controlfield tag="003">BD-RjUL</controlfield>
  <controlfield tag="005">20241103121810.0</controlfield>
  <controlfield tag="008">900103s1963    pk h     b    000 0 urdr </controlfield>
  <datafield tag="035" ind1=" " ind2=" ">
    <subfield code="a">(BD-RjUL)84215</subfield>
  </datafield>
  <datafield tag="040" ind1=" " ind2=" ">
    <subfield code="a">DLC</subfield>
    <subfield code="c">WaU</subfield>
    <subfield code="d">DLC</subfield>
    <subfield code="b">eng</subfield>
  </datafield>
  <datafield tag="041" ind1=" " ind2=" ">
    <subfield code="a">engurd</subfield>
  </datafield>
  <datafield tag="082" ind1=" " ind2=" ">
    <subfield code="2">23</subfield>
    <subfield code="a">891.439092</subfield>
    <subfield code="b">ABK 1963</subfield>
  </datafield>
  <datafield tag="100" ind1="0" ind2=" ">
    <subfield code="a">Abdul&#x1E25;aq,&#x639;&#x628;&#x62F;&#x627;&#x644;&#x62D;&#x642;</subfield>
    <subfield code="d">1869-1961.</subfield>
    <subfield code="9">14054</subfield>
  </datafield>
  <datafield tag="245" ind1="1" ind2="0">
    <subfield code="a">&#x645;&#x6A9;&#x62A;&#x648;&#x628;&#x627;&#x62A; &#x639;&#x628;&#x62F;&#x627;&#x644;&#x62D;&#x642; / Makt&#x16B;b&#x101;t-i &#x2BB;Abdul&#x1E25;aq : B&#x101;b&#x101;&#x2BC;e Urd&#x16B; ke adab&#x12B; o &#x2BB;ilm&#x12B; k&#x332;h&#x332;ut&#x324;&#x16B;t&#x324; k&#x101; majm&#x16B;&#x2BB;ah /</subfield>
    <subfield code="c">&#x645;&#x631;&#x62A;&#x628;&#x647; &#x62C;&#x644;&#x64A;&#x644; &#x642;&#x62F;&#x648;&#x627;&#x626;&#x649;., &#x639;&#x628;&#x62F;&#x627;&#x644;&#x62D;&#x642;.,  . / murattabah Jal&#x12B;l Qidv&#x101;&#x2BC;&#x12B;., &#x2BB;Abdul&#x1E25;aq, Jalil Ahmad Kidwai</subfield>
  </datafield>
  <datafield tag="260" ind1=" " ind2=" ">
    <subfield code="b"> Kar&#x101;c&#x12B;,:</subfield>
    <subfield code="a">&#x6A9;&#x62A;&#x628;&#x6C0; &#x627;&#x633;&#x644;&#x648;&#x628;&#x60C;,/ Maktabah-yi usl&#x16B;b, Kar&#x101;c&#x12B;, [1963]</subfield>
    <subfield code="c">[1963]</subfield>
  </datafield>
  <datafield tag="300" ind1=" " ind2=" ">
    <subfield code="a">680 p.:</subfield>
    <subfield code="b">facsims.</subfield>
    <subfield code="c">19 cm.</subfield>
  </datafield>
  <datafield tag="490" ind1=" " ind2=" ">
    <subfield code="a"> Silsilah-yi mat&#x324;b&#x16B;&#x2BB;&#x101;t Maktabah-yi Asl&#x16B;b,;</subfield>
    <subfield code="v"> nambar 11, &#x646;&#x645;&#x628;&#x631; 11</subfield>
  </datafield>
  <datafield tag="500" ind1=" " ind2=" ">
    <subfield code="a">In Urdu.</subfield>
  </datafield>
  <datafield tag="500" ind1=" " ind2=" ">
    <subfield code="a">Text partially vocalized.</subfield>
  </datafield>
  <datafield tag="504" ind1=" " ind2=" ">
    <subfield code="a">Bibliographical footnotes.</subfield>
  </datafield>
  <datafield tag="650" ind1=" " ind2=" ">
    <subfield code="a"> Authors, Urdu Authors, </subfield>
    <subfield code="y">Urdu 20th century 1900-1999</subfield>
    <subfield code="9">14055</subfield>
  </datafield>
  <datafield tag="700" ind1=" " ind2=" ">
    <subfield code="a">&#x642;&#x62F;&#x648;&#x627;&#x626;&#x649;&#x60C; &#x62C;&#x644;&#x64A;&#x644; &#x627;&#x62D;&#x645;&#x62F;</subfield>
    <subfield code="9">14056</subfield>
  </datafield>
  <datafield tag="830" ind1=" " ind2=" ">
    <subfield code="a"> Silsilah-yi mat&#x324;b&#x16B;&#x2BB;&#x101;t Maktabah-yi Asl&#x16B;b, nambar ;</subfield>
    <subfield code="v"> 11, &#x646;&#x645;&#x628;&#x631; 11</subfield>
    <subfield code="9">14058</subfield>
  </datafield>
  <datafield tag="942" ind1=" " ind2=" ">
    <subfield code="2">ddc</subfield>
    <subfield code="c">BK</subfield>
  </datafield>
  <datafield tag="999" ind1=" " ind2=" ">
    <subfield code="c">84215</subfield>
    <subfield code="d">84215</subfield>
  </datafield>
  <datafield tag="952" ind1=" " ind2=" ">
    <subfield code="0">0</subfield>
    <subfield code="1">0</subfield>
    <subfield code="2">ddc</subfield>
    <subfield code="4">0</subfield>
    <subfield code="7">1</subfield>
    <subfield code="8">NFIC</subfield>
    <subfield code="a">RUCL</subfield>
    <subfield code="b">RUCL</subfield>
    <subfield code="c">Reading</subfield>
    <subfield code="d">1964-10-20</subfield>
    <subfield code="e">Urdu  library , Rajshahi</subfield>
    <subfield code="g">12.00</subfield>
    <subfield code="l">0</subfield>
    <subfield code="o">U 891.439092 ABK 1963</subfield>
    <subfield code="r">2024-11-03 00:00:00</subfield>
    <subfield code="t">C-1</subfield>
    <subfield code="w">2024-11-03</subfield>
    <subfield code="y">BK</subfield>
  </datafield>
  <datafield tag="952" ind1=" " ind2=" ">
    <subfield code="0">0</subfield>
    <subfield code="1">0</subfield>
    <subfield code="2">ddc</subfield>
    <subfield code="4">0</subfield>
    <subfield code="7">0</subfield>
    <subfield code="8">NFIC</subfield>
    <subfield code="a">RUCL</subfield>
    <subfield code="b">RUCL</subfield>
    <subfield code="c">GEN</subfield>
    <subfield code="d">1975-02-15</subfield>
    <subfield code="e">S.A.Kazimi</subfield>
    <subfield code="l">0</subfield>
    <subfield code="o">U 891.439092 ABK 1963</subfield>
    <subfield code="r">2025-10-12 00:00:00</subfield>
    <subfield code="t">C-1</subfield>
    <subfield code="w">2025-10-12</subfield>
    <subfield code="y">BK</subfield>
  </datafield>
</record>
